OPAC Home

THE TROPICAL AGRICULTURIST MOTHLY (Record no. 236829)

MARC details
000 -LEADER
fixed length control field 00535nam a22002177a 4500
003 - CONTROL NUMBER IDENTIFIER
control field LK-CoDNM
005 - DATE AND TIME OF LATEST TRANSACTION
control field 20250117143027.0
008 - FIXED-LENGTH DATA ELEMENTS--GENERAL INFORMATION
fixed length control field 250110b |||||||| |||| 00| 0 eng d
040 ## - CATALOGING SOURCE
Original cataloging agency LK-CoDNM
Modifying agency LK-CoDNM
Description conventions LK-CoDNM
041 ## - LANGUAGE CODE
Language code of text/sound track or separate title English
080 ## - UNIVERSAL DECIMAL CLASSIFICATION NUMBER
Universal Decimal Classification number 11
Item number H5
942 ## - ADDED ENTRY ELEMENTS (KOHA)
Koha item type Books
100 ## - MAIN ENTRY--PERSONAL NAME
Personal name SAND,CHARLES
700 ## - ADDED ENTRY--PERSONAL NAME
Personal name Bamber,MK
245 ## - TITLE STATEMENT
Title THE TROPICAL AGRICULTURIST MOTHLY
Remainder of title Nos.6
250 ## - EDITION STATEMENT
Edition statement SECOND
260 ## - PUBLICATION, DISTRIBUTION, ETC. (IMPRINT)
Date of publication, distribution, etc. 1897
Place of publication, distribution, etc. COLOMBO
Name of publisher, distributor, etc. CHATTO&WINDUS
300 ## - PHYSICAL DESCRIPTION
Extent 147P. : ill ; 27 cm
490 ## - SERIES STATEMENT
Volume/sequential designation VOLL 17
650 ## - SUBJECT ADDED ENTRY--TOPICAL TERM
Topical term or geographic name as entry element Science
Holdings
Withdrawn status Lost status Damaged status Not for loan Collection code Permanent Location Current Location Shelving location Date acquired Full call number Barcode Koha item type
    Damaged   Science Library National Museum Colombo - Sri Lanka Library National Museum Colombo - Sri Lanka Reference 2025-01-17 11 H5 OS2280-6 Books
Copyright © 2023 Department of National Museum, Colombo 07, Sri Lanka Funded by UNESCO IFAP UNESCO